| 000 | 00882cam a2200253 4500 | ||
|---|---|---|---|
| 001 | ABS62562 | ||
| 008 | 000000n2000 000 0 eng u | ||
| 035 | _a(Sirsi) u107349 | ||
| 100 | _aBrewer, G. | ||
| 245 | _aApplication of priced rates | ||
| 260 | _c2000 | ||
| 490 |
_aContract Journal _v404(6282) 21 June 2000, 21(1) |
||
| 520 | _aExamines how variations in a bill of quantities are valued, with reference to the case of "Henry Boot Construction v Alstom Combined Cycles", and when a 'fair' valuation should be applied. | ||
| 590 | _aABS | ||
| 650 | _aHENRY BOOT CONSTRUCTION V ALSTOM COMBINED CYCLES | ||
| 650 | _aVALUATION OF VARIATIONS | ||
| 650 | _aBILLS OF QUANTITIES | ||
| 650 | _aREASONABLENESS | ||
| 650 | _aRATES | ||
| 650 | _aVARIATIONS | ||
| 650 | _aICE CONDITIONS OF CONTRACT | ||
| 690 | _aBUILT ENVIRONMENT-BUILDING CONTRACT FORMS | ||
| 942 | _n0 | ||
| 999 |
_c64187 _d64187 |
||